Papers on insects affecting vegetables. (Record no. 8019)
[ view plain ]
| 000 -LEADER | |
|---|---|
| fixed length control field | 01072cam a22002651 4500 |
| 001 - CONTROL NUMBER | |
| control field | agr11002031 |
| 003 - CONTROL NUMBER IDENTIFIER | |
| control field | DLC |
| 005 - DATE AND TIME OF LATEST TRANSACTION | |
| control field | 20260227110933.0 |
| 008 - FIXED-LENGTH DATA ELEMENTS--GENERAL INFORMATION | |
| fixed length control field | 920722s1911 dcua u000 0 eng |
| 010 ## - LIBRARY OF CONGRESS CONTROL NUMBER | |
| LC control number | agr11002031 |
| 035 ## - SYSTEM CONTROL NUMBER | |
| System control number | (OCoLC)28456929 |
| 040 ## - CATALOGING SOURCE | |
| Original cataloging agency | DLC |
| Transcribing agency | MdBJ |
| Modifying agency | DLC |
| 050 00 - LIBRARY OF CONGRESS CALL NUMBER | |
| Classification number | SB958 |
| Item number | .U197 no. 109 pt. 1 |
| 051 ## - LIBRARY OF CONGRESS COPY, ISSUE, OFFPRINT STATEMENT | |
| Classification number | SB933 |
| Item number | .U197 no. 109, pt. 1 |
| 100 1# - MAIN ENTRY--PERSONAL NAME | |
| Personal name | March, Harold Oscar, |
| Dates associated with a name | 1885-1919. |
| 245 00 - TITLE STATEMENT | |
| Title | Papers on insects affecting vegetables. |
| Remainder of title | The Hawaiian beet webworm. [Hymenia fascialis Cram.] |
| Statement of responsibility, etc. | By H. O. Marsh ... (With appendix by H. G. Dyar and F. H. Chittenden.) ... |
| 260 ## - PUBLICATION, DISTRIBUTION, ETC. | |
| Place of publication, distribution, etc. | Washington, |
| Name of publisher, distributor, etc. | Govt. print. off., |
| Date of publication, distribution, etc. | 1911. |
| 300 ## - PHYSICAL DESCRIPTION | |
| Extent | iii, 15 p. |
| Other physical details | illus., pl. |
| Dimensions | 23 cm. |
| 490 1# - SERIES STATEMENT | |
| Series statement | U. S. Dept. of agriculture. Bureau of entomology. Bulletin |
| Volume/sequential designation | no. 109, pt. 1 |
| 504 ## - BIBLIOGRAPHY, ETC. NOTE | |
| Bibliography, etc. note | Bibliography: p. 15. |
| 650 #0 - SUBJECT ADDED ENTRY--TOPICAL TERM | |
| Topical term or geographic name entry element | Hawaiian beet web-worm. |
| 700 1# - ADDED ENTRY--PERSONAL NAME | |
| Personal name | Chittenden, F. H. |
| Fuller form of name | (Frank Hurlbut), |
| Dates associated with a name | 1858-1929. |
| 700 1# - ADDED ENTRY--PERSONAL NAME | |
| Personal name | Dyar, Harrison G. |
| Fuller form of name | (Harrison Gray), |
| Dates associated with a name | 1866-1929. |
| 810 1# - SERIES ADDED ENTRY--CORPORATE NAME | |
| Corporate name or jurisdiction name as entry element | United States. |
| Subordinate unit | Bureau of Entomology. |
| Title of a work | Bulletin ; |
| Volume/sequential designation | no. 109, pt. 1. |
No items available.